00788nam a2200181 a 450000100100000000500170001000800410002708200140006811000850008224502390016726000360040630000210044249000160046350000420047950500310052170000410055204000130059300000623820200929153914.0090827s1990 dr 000 0 spa d axxxbI59d2 aPontificia Universidad Católica Madre y MaestrabDepartamento de Publicaciones10aInstitucionalidad y desarrollo :bpropuestas de reformas presentadas por el centro univeristario de estudios políticos y sociales de la Pontificia Universidad Católica Madre y Maestra PUCMM /ceditor Flavio Darío Espinal Jacobo. aSanto Domingo :bTaller,c1990. a145 p. ;c23 cm.0 aDocumentos. aIncluye notas al pie de las páginas2 aIncluye nota de contenido.1 aEspinal Jacobo, Flavio Darío,eed. aDO-SdBNP